Microsoft Excel 2003 nivel avanzado, parte I: dar formato a las hojas de trabajo y los gráficos, utilizar plantillas, proteger, transferir y gestionar un libro de trabajo, trabajar con libros de trabajo compartidos

Saved in:
書目詳細資料
主要作者: Rodríguez Braga, Fernando (Author)
格式: 圖書
語言:西班牙语
出版: Madrid Ideaspropias Editorial 2005
版:1a. ed
主題:
標簽: 添加標簽
沒有標簽, 成為第一個標記此記錄!

MARC

LEADER 00000cam a2200000 a 4500
001 UCE9005
003 CL-VaPUC
008 150911e20050000sp |||||||||||||||||spa|d
020 |a 9788493460730 
082 0 4 |a 005.369  |b ROD  |2 21 
100 0 |a Rodríguez Braga, Fernando  |e author  |9 581704 
245 1 0 |a Microsoft Excel 2003 nivel avanzado, parte I: dar formato a las hojas de trabajo y los gráficos, utilizar plantillas, proteger, transferir y gestionar un libro de trabajo, trabajar con libros de trabajo compartidos 
250 |a 1a. ed 
300 |a 88 p 
942 |c BK 
945 |d 20150911 12:29:00  |a gsalatino 
260 |a Madrid  |b Ideaspropias Editorial  |c 2005 
650 0 |a Microsoft excel   |9 264149 
650 7 |a HOJAS DE CALCULO  |2 CL-VaPUC  |9 481195 
650 0 |a Software  |9 387312 
583 |a last modification  |c 20150911 12:29:00  |k Rodrigo Vera 
999 |c 360748  |d 360746 
952 |0 0  |1 0  |3 erb  |4 0  |6 005_369000000000000_ROD_2005  |7 0  |8 A  |9 470677  |a BIBGIM  |b BIBGIM  |i 5199425  |o 005.369 ROD 2005  |p 5199425  |r 2025-01-15  |w 2019-11-23  |y BK  |z Catalogado en:20150911  |k EST